|
|
|
|
| LEADER |
01794cam a2200481 a 4500 |
| 001 |
nkc20081785764 |
| 003 |
CZ PrNK |
| 005 |
20080619151724.0 |
| 007 |
ta |
| 008 |
071218s2007 xr a e f 001 0 cze d |
| 015 |
|
|
|a cnb001785764
|
| 020 |
|
|
|a 978-80-204-1749-7
|q (váz.)
|
| 035 |
|
|
|a (OCoLC)236554128
|
| 040 |
|
|
|a KLG001
|b cze
|d BOA001
|
| 072 |
|
7 |
|a 618
|x Gynekologie. Porodnictví
|2 Konspekt
|9 14
|
| 080 |
|
|
|a 618.2/.3
|2 MRF
|
| 080 |
|
|
|a 618.4/.5
|2 MRF
|
| 080 |
|
|
|a 613.952/.954
|2 MRF
|
| 080 |
|
|
|a (035)
|2 MRF
|
| 100 |
1 |
|
|a Behinová, Markéta,
|d 1979-
|7 mzk2007382097
|4 aut
|
| 245 |
1 |
0 |
|a Velká kniha o mateřství :
|b od početí do věku 3 let /
|c Markéta Behinová, Klára Kaiserová ; odborná redakce Petr Karger
|
| 250 |
|
|
|a 2., rozš. vyd.
|
| 260 |
|
|
|a Praha :
|b Mladá fronta,
|c 2007
|
| 300 |
|
|
|a 372 s. :
|b barev. il. ;
|c 31 cm
|
| 500 |
|
|
|a Pub. připravena s předními českými lékaři a časopisem Maminka
|
| 504 |
|
|
|a Obsahuje bibliografii a rejstřík
|
| 650 |
0 |
7 |
|a těhotenství
|7 ph126830
|2 czenas
|
| 650 |
0 |
7 |
|a porod
|7 ph124364
|2 czenas
|
| 650 |
0 |
7 |
|a péče o dítě
|7 ph124848
|2 czenas
|
| 650 |
0 |
9 |
|a pregnancy
|2 eczenas
|
| 650 |
0 |
9 |
|a childbirth
|2 eczenas
|
| 650 |
0 |
9 |
|a child care
|2 eczenas
|
| 655 |
|
7 |
|a příručky
|7 fd133209
|2 czenas
|
| 655 |
|
9 |
|a handbooks and manuals
|2 eczenas
|
| 700 |
1 |
|
|a Kaiserová, Klára,
|d 1970-
|7 mzk2005300673
|4 aut
|
| 700 |
1 |
|
|a Karger, Petr
|7 jn20001227190
|4 edt
|
| 787 |
0 |
|
|t Maminka
|x 1213-5100
|
| 856 |
4 |
1 |
|u http://www.digitalniknihovna.cz/mzk/uuid/uuid:a489e7d0-f148-11e7-a97b-005056827e51
|y Digitalizovaný dokument
|x NDK
|
| 910 |
2 |
|
|a BOA001
|b 4-1198.059
|
| 990 |
|
|
|a BK
|
| 995 |
|
|
|a 01
|
| 991 |
|
|
|b 200802
|c NOV
|
| 996 |
6 |
|
|b 2610332213
|c 4-1198.059
|l MZK
|r Sklad / do 1 hodiny
|n 10
|p p.v.
|w 000881461
|u 000010
|a 1
|e BOA001
|j MZK50
|s P
|